|
|
|
|
| LEADER |
00000nas a22000007a 4500 |
| 001 |
ssj0012712 |
| 003 |
WaSeSS |
| 005 |
20200512172242.0 |
| 006 |
m d |
| 007 |
cr n |
| 008 |
030716c20009999nmuqr pss 0 a0eng c |
| 010 |
|
|
|a 2003213159
|
| 022 |
|
|
|a 1545-6420
|l 1532-5555
|y 1532-5555
|
| 035 |
|
|
|a (WaSeSS)ssj0012712
|
| 037 |
|
|
|b Tamara, Dept. of Management, MSC 3DJ, New Mexico State Univ., PO Box 30001, Las Cruces, NM 88003-0001
|
| 040 |
|
|
|a NSD
|b eng
|c NSD
|d OCLCQ
|d LGG
|d OCLCQ
|d OCLCF
|d OCLCO
|d VT2
|d OCLCQ
|d WaSeSS
|
| 042 |
|
|
|a nsdp
|a pcc
|
| 050 |
1 |
4 |
|a B831.2.A1
|b T35
|
| 082 |
1 |
0 |
|a 658
|2 13
|
| 130 |
0 |
|
|a Tamara (Las Cruces, N.M. : Online)
|
| 222 |
|
0 |
|a Tamara
|b (Las Cruces, N.M. : Online)
|
| 245 |
1 |
0 |
|a Tamara
|h [electronic resource] :
|b journal of critical postmodern organization science.
|
| 246 |
1 |
3 |
|a Tamara journal
|
| 260 |
|
|
|a Las Cruces, NM :
|b Tamara,
|c ©2000-
|
| 310 |
|
|
|a Quarterly
|
| 362 |
0 |
|
|a Vol. 1, issue 1 (2001)-
|
| 500 |
|
|
|a Title from caption of HTML title screen (viewed July 16, 2003).
|
| 506 |
|
|
|a License restrictions may limit access.
|
| 538 |
|
|
|a Mode of access: World Wide Web.
|
| 588 |
|
|
|a Latest issue consulted: Vol. 2, no. 2 (2003).
|
| 650 |
|
0 |
|a Postmodernism
|v Periodicals.
|
| 650 |
|
7 |
|a Postmodernism.
|2 fast
|0 (OCoLC)fst01073164
|
| 655 |
|
0 |
|a Electronic journals.
|
| 776 |
1 |
|
|t Tamara (Las Cruces, N.M.)
|x 1532-5555
|w (DLC) 00212871
|w (OCoLC)45405523
|
| 856 |
4 |
0 |
|z Full text available from Research Library: 01/01/2001 to present
|u https://search.proquest.com/publication/38475
|